000 00298nam a22001337a 4500
008 171005b xxu||||| |||| 00| 0 eng d
020 _a9780679723950
041 _aeng
080 _a159.9
100 _a49
101 _aPSI
245 _aMEMORIES, DREAMS,REFLECTIONS
_cJUNG,C.G
942 _2udc
_cBK
999 _c32140
_d32140